India's heritage of gharana music pandits of gwalior / (Record no. 158092)

MARC details
000 -LEADER
fixed length control field 00604nam a22001937a 4500
005 - DATE AND TIME OF LATEST TRANSACTION
control field 20181016124212.0
010 ## - LCCN (DPL NO)
LC control number ENG-124293
020 ## - INTERNATIONAL STANDARD BOOK NUMBER
International Standard Book Number 9788182904231
Terms of availability 1995.00
035 ## - SYSTEM CONTROL NUMBER
System control number EN-107825
037 ## - SOURCE OF ACQUISITION
Source of stock number/acquisition DBAD/PUB.
082 ## - DEWEY DECIMAL CLASSIFICATION NUMBER
Classification number 780.95421
100 ## - MAIN ENTRY--PERSONAL NAME
Personal name Pandit, Meeta
245 ## - TITLE STATEMENT
Title India's heritage of gharana music pandits of gwalior /
Statement of responsibility, etc by Meeta Pandit
260 ## - PUBLICATION, DISTRIBUTION, ETC. (IMPRINT)
Place of publication, distribution, etc Gurgaon
Name of publisher, distributor, etc Shubhi Publications
Date of publication, distribution, etc 2018
270 ## - ADDRESS
Address 479, Sector-14,
City Gurgaon
Postal code 122001
300 ## - PHYSICAL DESCRIPTION
Extent 260p.
Dimensions 21cm.(Hb)
Other physical details ill.
500 ## - GENERAL NOTE
General note It includes bibliography and glossary.
942 ## - ADDED ENTRY ELEMENTS (KOHA)
Source of classification or shelving scheme Dewey Decimal Classification
Item type English Books
Call number suffix PAN
Classification part 780.95421
Holdings
Withdrawn status Lost status Not for loan Collection code Home library Current library Date acquired Source of acquisition Cost, normal purchase price Full call number Barcode Copy number Cost, replacement price Koha item type
    Not For Loan Non-fiction D.B.Act.Division Bawana 16/10/2018 DBAD/PUB 1995.00 780.95421 PAN EN-107825 1 1995.00 English Books

© Delhi Public Library
Hit Counter
free hit counter